Statystyki dla Alltag Verben (codzienne czynności)

Kliknij tutaj aby rozwiązać quiz!

Ogólne statystyki

  • Ten quiz został rozwiązany 11 razy
  • Średni wynik to 11 z 25

Statystyki odpowiedzi

PLDE% Poprawnych
wstaćaufstehen
100%
obudzić sięaufwachen
67%
ścielić łóżkodas Bett machen
67%
oglądać tvfernsehen
67%
jeść śniadaniefrühstücken
67%
odrabiać lekcjeHausaufgaben machen
67%
być w szkolein der Schule sein
67%
wracać do domunach Hause kommen
67%
ubrać sięsich anziehen
67%
myć sięsich waschen
67%
jeść obiadzu Mittag essen
67%
brać kąpielbaden
33%
sprzątać pokójdas Zimmer aufräumen
33%
brać prysznicduschen
33%
czytać książkęein Buch lesen
33%
uczęszczać na kurs niemieckiegoeinen Deutschkurs besuchen
33%
zasnąćeinschlafen
33%
spotykać przyjaciółFreunde treffen
33%
jechać do szkoły autobusem/roweremmit dem Bus / mit dem Fahrrad zur Schule fahren
33%
myć zębysich die Zähne putzen
33%
iść do szkoły pieszozu Fuß zur Schule gehen
33%
iść do łóżkains Bett gehen
0%
być zmęczonymmüde sein
0%
słuchać muzykiMusik hören
0%
jeść kolacjęzu Abend essen
0%

Rozkład punktacji

Percentyl według liczby udzielonych odpowiedzi

Procent ludzi z każdym wynikiem

Twoja historia wyników

Nie rozwiązałeś tego quizu